La economía ambiental a la luz de la política ambiental en Colombia conceptos y aplicaciones : (Registro nro. 4289)
[ vista simple ]
| 000 -CABECERA | |
|---|---|
| Campo de control | 01116cam a2200241 a 4500 |
| 005 - FECHA Y HORA DE LA ULTIMA TRANSACCION | |
| Campo de control | 20161115121947.0 |
| 008 - ELEMENTOS DE LONGITUD FIJA—INFORMACION GENERAL | |
| Campo de control | 010730s2001 ck a r 10010 spa d |
| 020 ## - ISBN | |
| ISBN | 9589679358 |
| 040 ## - FUENTE DE CATALOGACIÓN | |
| Agencia catalogadora original | la |
| Agencia transcriptora | la |
| Agencia Modificadora | Co-BoIAVH |
| 041 0# - IDIOMA | |
| Código de idioma para texto/pista de sonido o título separado | Español |
| 044 ## - PAÍS DE PUBLICACIÓN | |
| País de publicación | Colombia |
| 082 04 - NUMERO DE CLASIFICACION DECIMAL DEWEY | |
| Número de clasificación | 363.7 |
| Número del ítem | S47e |
| 111 2# - ASIENTO PRINCIPAL--NOMBRE DE REUNION | |
| Nombre de reunión o de jurisdicción como elemento de entrada | Seminario La economía ambiental a la luz de la Política Ambiental en Colombia |
| Fecha de la reunión | (1999 : |
| Lugar de la reunión | Villavicencio) |
| 9 (RLIN) | 77102 |
| 245 13 - MENCION DE TITULO | |
| Título | La economía ambiental a la luz de la política ambiental en Colombia conceptos y aplicaciones : |
| Parte restante del título | memorias de un taller realizado los días Agosto 30 y 31 de 1999 / |
| Mención de responsabilidad | editado por Horst Wattenbach |
| 260 ## - PUBLICACION, DISTRIBUCION, ETC. (PIE DE IMPRENTA) | |
| Lugar de publicación, distribución, etc. | Bogotá : |
| Nombre del editor, distribuidor, etc. | Programa de Ecología Tropical, Deutsche Gesellschaft, |
| Fecha de publicación, distribución, etc. | 2001. |
| 300 ## - DESCRIPCION FISICA | |
| Extensión | 221 páginas : |
| Otros detalles físicos | ilustraciones ; |
| Dimensiones | 21 x 14 cm. |
| 504 ## - NOTA DE BIBLIOGRAFIA, ETC. | |
| Nota de bibliografía | Incluye referencias bibliográficas. |
| 650 26 - ASIENTO SECUNDARIO DE MATERIA - TERMINO TEMATICO | |
| Término temático o nombre geográfico como elemento de entrada | Economía medioambiental |
| Subdivisión de forma | Congresos, conferencias, etc. |
| 9 (RLIN) | 77103 |
| 650 26 - ASIENTO SECUNDARIO DE MATERIA - TERMINO TEMATICO | |
| Término temático o nombre geográfico como elemento de entrada | Impacto ambiental |
| Subdivisión general | Aspectos económicos |
| Subdivisión de forma | Congresos, conferencias, etc. |
| 9 (RLIN) | 77104 |
| 650 26 - ASIENTO SECUNDARIO DE MATERIA - TERMINO TEMATICO | |
| Término temático o nombre geográfico como elemento de entrada | Medio ambiente |
| Subdivisión general | valoración |
| 9 (RLIN) | 77105 |
| 700 1# - ASIENTO SECUNDARIO - NOMBRE PERSONAL | |
| Nombre personal | Wattenbach, Horst |
| Término de relación | editor |
| 9 (RLIN) | 21744 |
| 942 ## - ELEMENTOS ADICIONALES (KOHA) | |
| Sistema de clasificación | Dewey Decimal Classification |
| Tipo de ítem | Libro |
| Withdrawn status | Lost status | Sistema de Clasificación | Damaged status | No para préstamo | Colección | Inventariado | Ubicación Permanente | Ubicación actual | Fecha de adquisición | Fuente de Valor | Valor | Total Checkouts | Número topográfico | Inventario / Código de Barras | Date last seen | Ejemplar | Price effective from | Forma de adquisición | Tipo de material |
|---|---|---|---|---|---|---|---|---|---|---|---|---|---|---|---|---|---|---|---|
| Dewey Decimal Classification | General | Inventariado 2017 | Sala Fabio Quevedo | Sala Fabio Quevedo | 21/01/2005 | Instituto | 39000.00 | LB-363.7 S47e | 017066 | 04/12/2012 | Ej. 1 | 04/12/2012 | Donación | Libro |